[Event "Po fina y Mistrzostw Polski '95"]
[Site "Augustow"]
[Date "1995.11.09"]
[Round "?"]
[White "Hryczuk, Andrzej"]
[Black "Kiluk, Henryk"]
[Result "1-0"]
[WhiteElo "1800"]
[BlackElo "1800"]
[PlyCount "73"]

1. e4 d6 2. d4 g6 3. Nc3 Bg7 4. Nf3 Nf6 5. Be2 O-O 6. O-O Nbd7 7. Be3 Re8 8.
Qd2 Ng4 9. Bf4 e5 10. Bg3 Nh6 11. dxe5 dxe5 12. Rad1 f6 13. Bc4+ Kh8 14. Ne1 a5
15. f3 c6 16. Bf2 b5 17. Be2 Qc7 18. Nd3 Ba6 19. b4 Red8 20. Qc1 a4 21. a3 Nb6
22. Nc5 Bc8 23. Rxd8+ Qxd8 24. Rd1 Qe7 25. Rd2 f5 26. Qd1 Nf7 27. Be3 f4 28.
Bf2 Rb8 29. Nb1 Bf8 30. c4 Nd6 31. cxb5 cxb5 32. Nc3 Nbc4 33. Bxc4 Nxc4 34. Rd8
Kg8 35. Na6 Ra8 36. Bc5 Qg5 37. Qd5+ 1-0

[Event "Mistrzostwa Polski do lat 12"]
[Site "?"]
[Date "1995.02.12"]
[Round "?"]
[White "Jasik, Piotr"]
[Black "Hryczuk, Andrzej"]
[Result "1/2-1/2"]
[WhiteElo "1800"]
[BlackElo "1800"]
[PlyCount "89"]

1. e4 e6 2. d4 d5 3. exd5 exd5 4. Bd3 Bd6 5. Nf3 Ne7 6. Be3 Bf5 7. O-O O-O 8.
c3 Bxd3 9. Qxd3 Nd7 10. Re1 h6 11. Nbd2 c6 12. Nf1 Nf6 13. Rad1 Qc7 14. Bc1
Rfe8 15. Ne3 Rad8 16. Nf5 Nxf5 17. Qxf5 Qd7 18. Qxd7 Nxd7 19. Re3 Rxe3 20. Bxe3
Re8 21. b4 Nf6 22. a4 Ne4 23. Rc1 Bc7 24. g3 f6 25. Kf1 g5 26. Nd2 Nxd2+ 27.
Bxd2 Kf7 28. c4 dxc4 29. Rxc4 Ke6 30. Be3 Bd6 31. b5 cxb5 32. axb5 Kd7 33. Ra4
Ra8 34. d5 a5 35. bxa6 bxa6 36. Bd4 Be7 37. Bb6 Bd8 38. Bxd8 Kxd8 39. g4 Kc7
40. Ke2 a5 41. Kd3 Kd6 42. Kd4 Ra7 43. f3 Ra8 44. Ke4 Ra7 45. Kd4 1/2-1/2

[Event "Mistrzostwa Polski do lat 12"]
[Site "?"]
[Date "1995.02.10"]
[Round "?"]
[White "Hryczuk, Andrzej"]
[Black "Owczarzak, Jerzy"]
[Result "1/2-1/2"]
[WhiteElo "1800"]
[BlackElo "1800"]
[PlyCount "45"]

1. e4 c6 2. d4 d5 3. e5 Bf5 4. c3 e6 5. Be2 Ne7 6. Be3 Nd7 7. Nd2 Qc7 8. Ngf3
c5 9. Rc1 c4 10. b3 b5 11. O-O Nc6 12. b4 Be7 13. Ne1 a5 14. a3 a4 15. Bg4 Bxg4
16. Qxg4 g6 17. f4 O-O-O 18. Qe2 h6 19. Nef3 Rdg8 20. h4 Qd8 21. Qf2 Qf8 22. g4
Nd8 23. g5 1/2-1/2

[Event "Mistrzostwa Polski do lat 12"]
[Site "?"]
[Date "1995.02.08"]
[Round "?"]
[White "Banach, Piotr"]
[Black "Hryczuk, Andrzej"]
[Result "1/2-1/2"]
[WhiteElo "1800"]
[BlackElo "1800"]
[PlyCount "47"]

1. e4 e5 2. Nf3 Nc6 3. d4 exd4 4. Nxd4 Qh4 5. Nc3 Bb4 6. Qd3 Nf6 7. Nxc6 dxc6
8. Bd2 Bxc3 9. Bxc3 Nxe4 10. Qe3 Kf8 11. Bb4+ Nd6 12. Bc3 Be6 13. O-O-O Qe4 14.
Qg3 Qg6 15. Qf4 Qf5 16. Qg3 f6 17. Bb4 c5 18. Bc3 Rc8 19. Qe3 Kf7 20. Bd3 Qg5
21. Qxg5 fxg5 22. Rhe1 c4 23. Be2 Rhd8 24. Bf3 1/2-1/2

[Event "Mistrzostwa Polski do lat 12"]
[Site "?"]
[Date "1995.02.??"]
[Round "?"]
[White "Hryczuk, Andrzej"]
[Black "Kapturowski, Grzegorz"]
[Result "0-1"]
[WhiteElo "1800"]
[BlackElo "1800"]
[PlyCount "84"]

1. e4 c5 2. Nc3 Nc6 3. g3 g6 4. Bg2 Bg7 5. d3 d6 6. Nge2 e6 7. O-O Nge7 8. f4
O-O 9. h3 Rb8 10. g4 f5 11. Ng3 Nd4 12. Nce2 b5 13. Rb1 b4 14. Be3 Nxe2+ 15.
Qxe2 Qa5 16. exf5 gxf5 17. g5 $138 17... a6 18. Nh5 Bh8 19. Bf3 Ng6 20. d4 cxd4
21. Bf2 Qb5 22. Qxb5 Rxb5 23. Rfd1 e5 24. Be2 Rc5 25. b3 Rd8 26. Rbc1 a5 27.
Kh2 Bb7 28. Ng3 Nxf4 29. Bf1 Be4 30. Nxe4 fxe4 31. Bg3 Rdc8 32. Bxf4 exf4 33.
Re1 Rxc2+ 34. Rxc2 Rxc2+ 35. Kg1 d5 36. h4 f3 37. Kh1 Be5 38. Bg2 Rxg2 39. a3
Rh2+ 40. Kg1 f2+ 41. Kf1 fxe1=Q+ 42. Kxe1 bxa3 0-1

[Event "Mistrzostwa Polski do lat 12"]
[Site "?"]
[Date "1995.02.06"]
[Round "?"]
[White "Zawadzki, Stanis aw"]
[Black "Hryczuk, Andrzej"]
[Result "1-0"]
[WhiteElo "1800"]
[BlackElo "1800"]
[PlyCount "89"]

1. e4 e5 2. Nf3 Nc6 3. Bc4 Bc5 4. c3 Nf6 5. d4 exd4 6. O-O d6 7. cxd4 Bb4 8.
Qb3 Ba5 9. Bxf7+ Kf8 10. Bg5 Qe7 11. Bd5 h6 12. Nh4 Qe8 13. Bxf6 gxf6 14. Qf3
Kg7 15. Qg3+ Kh7 16. Rd1 Ne7 17. Bb3 Ng6 18. Qxg6+ Qxg6 19. Nxg6 Kxg6 20. Nc3
Bd7 21. Rd3 Rhe8 22. Rg3+ Kh7 23. Bc2 Re7 24. Nd5 Rf7 25. e5+ f5 26. Nf6+ Kh8
27. Rg6 Bc6 28. Rxh6+ Kg7 29. Rh7+ Kg6 30. Bxf5+ Kxf5 31. Rxf7 dxe5 32. dxe5
Kxe5 33. Ng4+ Ke6 34. Rh7 Kd6 35. Ne3 Kc5 36. a3 Bd2 37. b4+ Kb5 38. Rh5+ Ka4
39. Nc2 Rg8 40. g3 Kb3 41. Nd4+ Kb2 42. Rd1 Bd5 43. Rxd5 Bf4 44. Ne6 Kb3 45.
Nxf4 1-0

[Event "Mistrzostwa Polski do lat 12"]
[Site "?"]
[Date "1995.02.05"]
[Round "?"]
[White "Hryczuk, Andrzej"]
[Black "Katkowski, Bart omiej"]
[Result "0-1"]
[WhiteElo "1800"]
[BlackElo "1800"]
[PlyCount "58"]

1. e4 e5 2. Nf3 Nc6 3. Bc4 Bc5 4. Nc3 Nf6 5. d3 h6 6. h3 O-O 7. O-O d6 8. Be3
Bb6 9. Qd2 Be6 10. Bb3 Nd7 11. Na4 Qe7 12. Nxb6 axb6 13. Rfe1 f5 14. exf5 Rxf5
15. d4 Nd8 16. d5 Bf7 17. Qd3 Bg6 18. Qc3 Nc5 19. Bxc5 bxc5 20. Rad1 Nf7 21.
Re2 b5 22. a3 Kf8 23. Qd2 Ng5 24. Nh4 Nxh3+ 25. gxh3 Qxh4 26. Kh2 Rf3 27. Kg2
Qxh3+ 28. Kg1 Qg4+ 29. Kf1 Rh3 0-1

[Event "Po fina y Mistrzostw Polski '94"]
[Site "Augustow"]
[Date "1994.11.16"]
[Round "?"]
[White "Stoma, Pawe "]
[Black "Hryczuk, Andrzej"]
[Result "1-0"]
[WhiteElo "1800"]
[BlackElo "1600"]
[PlyCount "63"]

1. e4 e5 2. Nf3 Nc6 3. Bb5 a6 4. Ba4 Nf6 5. d3 Bc5 6. c3 d6 7. O-O O-O 8. Re1
Bg4 9. Nbd2 Qe7 10. Nf1 Rad8 11. h3 Be6 12. Ng3 Rfe8 13. Nh4 g6 14. Bg5 Kg7 15.
Qd2 b5 16. Bc2 d5 17. exd5 Rxd5 18. Qe2 h6 19. Bd2 Ng4 20. Nxg6 Bxf2+ 21. Qxf2
Nxf2 22. Nxe7 Nxh3+ 23. gxh3 Nxe7 24. Kh2 Ng6 25. Nh5+ Kh8 26. Nf6 Rxd3 27.
Bxd3 Rd8 28. Re3 Bc4 29. Bxc4 Rxd2+ 30. Re2 Rd6 31. Ne8 Re6 32. Bxe6 1-0

[Event "Po fina y Mistrzostw Polski '94"]
[Site "Augustow"]
[Date "1994.11.09"]
[Round "?"]
[White "Hryczuk, Andrzej"]
[Black "Jakubowski, Marcin"]
[Result "1/2-1/2"]
[WhiteElo "1600"]
[BlackElo "1800"]
[PlyCount "52"]

1. Nf3 d5 2. d4 Nf6 3. Nc3 Bf5 4. Bf4 c6 5. e3 e6 6. Bd3 Bg6 7. Qd2 Bb4 8. Ne5
Ne4 9. Bxe4 Bxe4 10. f3 Bg6 11. a3 Bd6 12. O-O-O Qc7 13. e4 Nd7 14. Nd3 Bxf4
15. Qxf4 O-O-O 16. Qxc7+ Kxc7 17. Rhe1 Rhe8 18. Nf4 Nb6 19. Re2 Kd6 20. exd5
Nxd5 21. Ncxd5 cxd5 22. Nxg6 hxg6 23. Rd3 Rc8 24. Rb3 Rc7 25. Kd2 Rec8 26. Kd3
b6 1/2-1/2

[Event "Po fina y Mistrzostw Polski '94"]
[Site "Augustow"]
[Date "1994.11.09"]
[Round "?"]
[White "Hryczuk, Andrzej"]
[Black "Paterek, Micha "]
[Result "1-0"]
[WhiteElo "1600"]
[BlackElo "1800"]
[PlyCount "105"]

1. e4 c5 2. c3 d6 3. d4 cxd4 4. cxd4 Nf6 5. Nc3 Nc6 6. Nf3 Bg4 7. Be2 Bxf3 8.
Bxf3 g6 9. Bf4 Qb6 10. d5 Ne5 11. Bxe5 dxe5 12. Qa4+ Nd7 13. Bg4 Rd8 14. Qb5 h5
15. Qxb6 Nxb6 16. Bh3 a6 17. O-O Bh6 18. Ne2 Nc4 19. f3 Ne3 20. Rfc1 g5 21. Bc8
b6 22. Bxa6 g4 23. Rc3 Rd6 24. Rc8+ Rd8 25. Bb5+ Kf8 26. Rxd8+ Kg7 27. Rxh8
Kxh8 28. fxg4 Nxg4 29. Ng3 Be3+ 30. Kf1 Nxh2+ 31. Ke2 Bd4 32. Rb1 Ng4 33. Nf5
Bc5 34. b4 Bd6 35. Nxd6 exd6 36. Rh1 Nf6 37. g4 Nxe4 38. Rxh5+ Kg7 39. Kd3 Nf6
40. Rh1 Nxd5 41. a3 Nf6 42. a4 Kg6 43. a5 bxa5 44. bxa5 Nxg4 45. Rg1 Kh5 46.
Rxg4 Kxg4 47. a6 f5 48. a7 e4+ 49. Ke3 d5 50. a8=Q f4+ 51. Kf2 e3+ 52. Ke2 d4
53. Qf3+ 1-0

[Event "Po fina y Mistrzostw Polski '94"]
[Site "Augustow"]
[Date "1994.11.08"]
[Round "?"]
[White "Borowski, Qukasz"]
[Black "Hryczuk, Andrzej"]
[Result "0-1"]
[WhiteElo "1600"]
[BlackElo "1600"]
[PlyCount "106"]

1. e4 e5 2. Nc3 Nf6 3. Bc4 Nc6 4. d3 Bc5 5. Be3 Bb6 6. Na4 Bd4 7. Nf3 a6 8. Nc3
Bxc3+ 9. bxc3 d6 10. O-O O-O 11. Bg5 h6 12. Be3 Be6 13. Bb3 Qe7 14. Qd2 Rad8
15. h3 d5 16. exd5 Bxd5 17. Qe2 Bxb3 18. axb3 Nd5 19. Bd2 f5 20. Rfe1 Rfe8 21.
c4 Nf6 22. Bc3 e4 23. Bxf6 Qxf6 24. dxe4 Rxe4 25. Qf1 Rde8 26. Rxe4 Rxe4 27.
Re1 Qc3 28. Rxe4 fxe4 29. Ne1 Nd4 30. Kh1 Nxc2 31. Nxc2 Qxc2 32. Qe1 Kh7 33.
Kh2 Kg6 34. f3 exf3 35. Qg3+ Kh7 36. Qxf3 b6 37. Qg3 a5 38. Qxc7 Qxb3 39. Qc6
Qe3 40. Qb5 Qc5 41. Qb3 Kg6 42. Qd3+ Kf6 43. Qd8+ Ke5 44. Qd3 Qd4 45. Qe2+ Kd6
46. Qc2 Kc5 47. Qf5+ Kxc4 48. Qe6+ Kb5 49. Qe8+ Kb4 50. Qe7+ Ka4 51. Qe8+ b5
52. Qe1 b4 53. Qe2 Ka3 0-1

[Event "Po fina y Mistrzostw Polski '94"]
[Site "Augustow"]
[Date "1994.11.??"]
[Round "?"]
[White "Hryczuk, Andrzej"]
[Black "Grycel, Kamil"]
[Result "1-0"]
[WhiteElo "1600"]
[BlackElo "1800"]
[PlyCount "87"]

1. e4 e5 2. Nf3 Nc6 3. Bc4 Bc5 4. Nc3 Nf6 5. d3 O-O 6. O-O d6 7. Bg5 h6 8. Bh4
Bg4 9. h3 Be6 10. Nd5 Bxd5 11. Bxd5 Nd4 12. Nxd4 Bxd4 13. c3 Bc5 14. b4 Bb6 15.
Bxb7 Rb8 16. Bc6 Qc8 17. Bxf6 gxf6 18. Qf3 Qe6 19. Bd5 Qe7 20. a4 a5 21. b5 Kh7
22. Qf5+ Kh8 23. Kh1 Rg8 24. Qh5 Rg6 25. f4 Kh7 26. fxe5 dxe5 27. d4 exd4 28.
e5 Qxe5 29. Qxe5 fxe5 30. Be4 dxc3 31. Rxf7+ Kg8 32. Bxg6 Bd4 33. Rxc7 Rb6 34.
Rc6 c2 35. Rc1 Kg7 36. Rxb6 Bxb6 37. Rxc2 Kxg6 38. Rc6+ Kf5 39. Rxb6 e4 40.
Rxh6 e3 41. Rh8 Kf4 42. Re8 Kf5 43. Rxe3 Kf4 44. Rc3 1-0

[Event "Po fina y Mistrzostw Polski '94"]
[Site "Augustow"]
[Date "1994.11.06"]
[Round "?"]
[White "Chwalinski, Leszek"]
[Black "Hryczuk, Andrzej"]
[Result "0-1"]
[WhiteElo "1600"]
[BlackElo "1600"]
[PlyCount "120"]

1. e4 e5 2. Nf3 Nc6 3. Bb5 a6 4. Ba4 Nf6 5. d3 Be7 6. Bxc6 dxc6 7. Nxe5 Bc5 8.
O-O O-O 9. h3 Be6 10. Nf3 Qe7 11. Re1 Rad8 12. Nbd2 Rfe8 13. Nf1 Bb6 14. N3h2
Qc5 15. Be3 Qb5 16. Bxb6 Qxb6 17. b3 c5 18. Ne3 Nxe4 19. Nc4 Bxc4 20. bxc4 Nf6
21. Rxe8+ Rxe8 22. Rb1 Qc6 23. Nf3 Nd7 24. c3 Ne5 25. Rb2 Nxf3+ 26. Qxf3 Qxf3
27. gxf3 Re1+ 28. Kg2 b6 29. d4 cxd4 30. cxd4 Rd1 31. c5 b5 32. a4 c6 33. axb5
axb5 34. Ra2 Kf8 35. Ra6 Rxd4 36. Rxc6 Rc4 37. Rc7 g6 38. c6 Kg7 39. Rb7 Rxc6
40. Rxb5 Kh6 41. Rb4 f5 42. Rd4 Kg5 43. Kg3 Rc1 44. h4+ Kh5 45. Kg2 Re1 46. Rc4
Re6 47. Rd4 Rf6 48. Kg3 f4+ 49. Kh3 h6 50. Re4 g5 51. hxg5 hxg5 52. Re8 Rh6 53.
Rg8 Rh7 54. Rf8 Kg6+ 55. Kg2 Kh5 56. Kh3 Kg6+ 57. Kg2 Rf7 58. Rg8+ Rg7 59. Rf8
Rf7 60. Rg8+ Rg7 0-1

[Event "Po fina y Mistrzostw Polski '94"]
[Site "Augustow"]
[Date "1994.11.06"]
[Round "?"]
[White "Hryczuk, Andrzej"]
[Black "Qukasiewicz, Piotr"]
[Result "1-0"]
[WhiteElo "1600"]
[BlackElo "1400"]
[PlyCount "101"]

1. e4 e5 2. Nf3 Nc6 3. Bc4 Nf6 4. d3 Bc5 5. Nc3 O-O 6. O-O h6 7. Be3 d6 8. Bxc5
dxc5 9. h3 a6 10. Nd5 Be6 11. Nxf6+ Qxf6 12. Bxe6 Qxe6 13. Qd2 Rad8 14. Qc3 b6
15. Rfe1 Qe7 16. Nd2 Rfe8 17. Nc4 b5 18. Ne3 Qd6 19. Nf5 Qe6 20. Qxc5 Qf6 21.
Ne3 Rd7 22. Nd5 Qe6 23. c3 Rc8 24. Red1 Ne7 25. Nxe7+ Rxe7 26. Qb4 c5 27. Qb3
Qd6 28. a4 b4 29. cxb4 cxb4 30. Rac1 Rxc1 31. Rxc1 a5 32. Qc4 Re8 33. Qb5 Ra8
34. Rc5 f6 35. Qc4+ Kf8 36. Qd5 Qe7 37. Qxa8+ Qe8 38. Rc8 Qxc8 39. Qxc8+ Ke7
40. Qc7+ Kf8 41. Qxa5 Kf7 42. Qxb4 g5 43. a5 Kg6 44. a6 f5 45. exf5+ Kxf5 46.
a7 h5 47. a8=Q g4 48. hxg4+ hxg4 49. Qaf8+ Kg6 50. Qxg4+ Kh7 51. Qfg7# 1-0

[Event "Po fina y Mistrzostw Polski '94"]
[Site "Augustow"]
[Date "1994.11.04"]
[Round "?"]
[White "Dziuba, Marcin"]
[Black "Hryczuk, Andrzej"]
[Result "1-0"]
[WhiteElo "2000"]
[BlackElo "1600"]
[PlyCount "79"]

1. Nf3 Nf6 2. g3 g6 3. Bg2 Bg7 4. O-O O-O 5. d3 Nc6 6. e4 e5 7. c4 d6 8. h3 Be6
9. Nc3 Qd7 10. Ng5 Rad8 11. Be3 h6 12. Nxe6 Qxe6 13. Qd2 Kh7 14. f4 Ne7 15. Nd5
Nexd5 16. cxd5 Qd7 17. Rac1 c6 18. dxc6 bxc6 19. Qf2 exf4 20. gxf4 Rfe8 21. b3
c5 22. Qh4 Qe7 23. Qg3 Nh5 24. Qf3 f5 25. Rce1 Nf6 26. Bf2 fxe4 27. dxe4 Qb7
28. Qd3 Qb4 29. Qc2 Nh5 30. f5 gxf5 31. e5 Nf4 32. Qxf5+ Kg8 33. Be4 dxe5 34.
Bg3 Qd4+ 35. Kh1 Qd7 36. Qh7+ Kf8 37. Bxf4 exf4 38. Rxf4+ Ke7 39. Qxg7+ Kd6 40.
Rd1+ 1-0

[Event "Po fina y Mistrzostw Polski '94"]
[Site "Augustow"]
[Date "1994.11.11"]
[Round "?"]
[White "Hryczuk, Andrzej"]
[Black "M ka, Marcin"]
[Result "1/2-1/2"]
[WhiteElo "1600"]
[BlackElo "1800"]
[PlyCount "50"]

1. d4 Nf6 2. Nc3 g6 3. e4 d6 4. Bg5 Bg7 5. f4 O-O 6. e5 Ne8 7. Bc4 dxe5 8. dxe5
Qxd1+ 9. Rxd1 Nc6 10. Bd5 h6 11. Bh4 g5 12. fxg5 Nxe5 13. gxh6 Bf6 14. Bg3 c6
15. Be4 Bg4 16. Nge2 Nc4 17. Rb1 Ned6 18. Bxd6 exd6 19. h3 Bxe2 20. Nxe2 d5 21.
Bf3 Bg5 22. Kf2 Be3+ 23. Kg3 Bxh6 24. Kh2 Rfe8 25. Rhe1 Rad8 1/2-1/2

[Event "Akademickie Mistrzostwa Polski "B""]
[Site "?"]
[Date "1995.09.03"]
[Round "?"]
[White "Hryczuk, Andrzej"]
[Black "Fisher, Robert"]
[Result "1-0"]
[WhiteElo "1800"]
[BlackElo "2000"]
[PlyCount "101"]

1. e4 e6 2. d4 c5 3. c3 Nf6 4. Bd3 Nc6 5. Nf3 cxd4 6. cxd4 Qb6 7. Bc2 Nb4 8.
O-O Nxc2 9. Qxc2 d6 10. Be3 Qc6 11. Qxc6+ bxc6 12. Nc3 Be7 13. Rfd1 Bb7 14.
Rac1 O-O 15. e5 Nd7 16. Ne4 d5 17. Ned2 Rfc8 18. Nb3 Ba6 19. Rd2 Rc7 20. Rdc2
Rac8 21. Na5 Nb8 22. a3 Bb5 23. Nd2 Rd7 24. Rc3 Bd8 25. Nab3 Na6 26. Nc5 Nxc5
27. Rxc5 Rdc7 28. Nb1 Be7 29. R5c3 a5 30. b3 Kf8 31. Bd2 c5 32. dxc5 Bxc5 33.
Be3 Bxe3 34. Rxc7 Rxc7 35. Rxc7 Bd4 36. Nc3 Bd3 37. Na4 g5 38. Nc5 Bb5 39. Nd7+
Kg7 40. g4 Bb2 41. b4 axb4 42. axb4 d4 43. Nc5 Kg6 44. f3 d3 45. Ne4 Bd4+ 46.
Kg2 Be3 47. Rc8 Bf4 48. Rg8+ Kh6 49. Nd6 Be8 50. Rxe8 d2 51. Rg8 1-0

[Event "Akademickie Mistrzostwa Polski "B""]
[Site "?"]
[Date "1995.09.04"]
[Round "?"]
[White "Lesiak, Piotr"]
[Black "Hryczuk, Andrzej"]
[Result "1-0"]
[WhiteElo "1800"]
[BlackElo "1800"]
[PlyCount "97"]

1. b4 e5 2. Bb2 f6 3. a3 d5 4. e3 c5 5. bxc5 Bxc5 6. Nf3 Qb6 7. Nc3 Ne7 8. Na4
Qc6 9. Nxc5 Qxc5 10. a4 Bf5 11. c3 Qc7 12. Be2 Nbc6 13. O-O O-O 14. d4 e4 15.
Nd2 Be6 16. Qb3 Rac8 17. Nxe4 Bf7 18. Nd2 Rfe8 19. Bd3 g6 20. Qd1 Be6 21. Qf3
f5 22. h4 Kg7 23. Bb5 a6 24. Bxc6 bxc6 25. Ba3 Ng8 26. a5 Nf6 27. Nb3 Ne4 28.
Rfc1 h6 29. Nc5 Nxc5 30. Bxc5 Qd8 31. Qg3 Rb8 32. Rcb1 Rb5 33. Bd6 g5 34. hxg5
hxg5 35. Be5+ Kg6 36. Qf3 Re7 37. Qe2 Rxa5 38. g3 Rh7 39. Kg2 Rxa1 40. Rxa1 Qf8
41. Qxa6 Qh6 42. Kf1 Qh5 43. Qxc6 Qh1+ 44. Ke2 Qxa1 45. Qxe6+ Kh5 46. Qxf5 Qb2+
47. Kf1 Qb7 48. g4+ Kh4 49. Kg2 1-0

[Event "Akademickie Mistrzostwa Polski "B""]
[Site "?"]
[Date "1995.09.02"]
[Round "?"]
[White "Gurnajew"]
[Black "Hryczuk, Andrzej"]
[Result "0-1"]
[WhiteElo "1800"]
[BlackElo "1800"]
[PlyCount "66"]

1. e4 e5 2. Nf3 Nc6 3. Nc3 Nf6 4. d4 exd4 5. Nd5 d6 6. Nxd4 Be6 7. Bb5 Bd7 8.
O-O a6 9. Nxc6 bxc6 10. Nxf6+ Qxf6 11. Bd3 Be7 12. f4 O-O 13. c3 Rfe8 14. Qe2
a5 15. Kh1 g6 16. Be3 c5 17. Rae1 Bf8 18. f5 Qg7 19. Rf3 Bc6 20. Bg5 f6 21. Bh4
g5 22. Bf2 d5 23. Qc2 c4 24. Bf1 Bd6 25. exd5 Rxe1 26. Bxe1 Bxd5 27. Re3 Bf4
28. Rh3 Re8 29. Bf2 Kh8 30. Qa4 Qe7 31. Qxa5 Qe4 32. Qc5 Qxf5 33. Bxc4 Qxh3 0-1

[Event "Akademickie Mistrzostwa Polski "B""]
[Site "?"]
[Date "1995.09.02"]
[Round "?"]
[White "Hryczuk, Andrzej"]
[Black "Rasin"]
[Result "0-1"]
[WhiteElo "1800"]
[BlackElo "2000"]
[PlyCount "90"]

1. e4 c5 2. Nc3 a6 3. a4 d6 4. g3 Nc6 5. Bg2 e5 6. d3 g6 7. f4 Bg7 8. Nf3 Nge7
9. O-O Nd4 10. Ne2 Bg4 11. Nexd4 cxd4 12. h3 Bd7 13. Bd2 Qb6 14. b3 Rc8 15. Rc1
O-O 16. Kh2 Rc7 17. Qe1 Nc6 18. Qf2 Nb4 19. Bxb4 Qxb4 20. Qd2 Rc3 21. Ng1 Rxb3
22. Qxb4 Rxb4 23. a5 Rc8 24. Rb1 Rxb1 25. Rxb1 Rxc2 26. Rxb7 Bb5 27. Nf3 f6 28.
Rb8+ Bf8 29. fxe5 dxe5 30. Ra8 Ra2 31. g4 g5 32. h4 h6 33. hxg5 hxg5 34. Ne1
Re2 35. Nf3 Bxd3 36. Kg1 Ra2 37. Ne1 Bb5 38. Bf1 Bxf1 39. Kxf1 Rxa5 40. Ke2
Ra2+ 41. Kd3 Ra3+ 42. Kc4 Rc3+ 43. Kd5 d3 44. Nf3 Kf7 45. Rxa6 Rc5# 0-1

[Event "Akademickie Mistrzostwa Polski "B""]
[Site "?"]
[Date "1995.09.01"]
[Round "?"]
[White "Kowalewski"]
[Black "Hryczuk, Andrzej"]
[Result "0-1"]
[WhiteElo "1800"]
[BlackElo "1800"]
[PlyCount "120"]

1. e4 e5 2. d4 exd4 3. Qxd4 Nc6 4. Qe3 d6 5. Nc3 Nf6 6. Bd2 Qe7 7. Nf3 Bd7 8.
Bc4 O-O-O 9. O-O Be6 10. Bb5 Kb8 11. Bxc6 bxc6 12. Qd4 d5 13. e5 Nd7 14. Qa4
Kb7 15. Nd4 Nxe5 16. Bf4 Bd7 17. b4 c5 18. Ndb5 a6 19. bxc5 axb5 20. c6+ Bxc6
21. Rab1 Kc8 22. Qa6+ Kd7 23. Nxb5 f6 24. Rfe1 Ra8 25. Na7 Qa3 26. Qe2 Qxa7 27.
Bxe5 Re8 28. Qg4+ Kd8 29. Bd4 Rxe1+ 30. Rxe1 Qa5 31. Rb1 Bd7 32. Rb8+ Ke7 33.
Qe2+ Kf7 34. h3 g6 35. Rd8 Qb5 36. Qe1 Bg7 37. Rxh8 Bxh8 38. Bc3 Bg7 39. Qe3 c5
40. Qg3 Qc6 41. Bd2 Bf8 42. Qh4 h6 43. Bxh6 Bxh6 44. Qxh6 Qe6 45. Qh7+ Kf8 46.
Qxg6 Qf7 47. Qg3 Qe7 48. Qb8+ Kf7 49. Qf4 Qe1+ 50. Kh2 Qe5 51. Kg3 Bf5 52. Qxe5
fxe5 53. c3 d4 54. cxd4 exd4 55. Kf4 Bb1 56. a4 c4 57. Kf3 d3 58. Ke3 c3 59. a5
d2 60. Ke2 Bc2 0-1

[Event "Akademickie Mistrzostwa Polski "B""]
[Site "?"]
[Date "1995.08.30"]
[Round "?"]
[White "Hryczuk, Andrzej"]
[Black "Stonka, Karol"]
[Result "1-0"]
[WhiteElo "1800"]
[BlackElo "1800"]
[PlyCount "83"]

1. e4 c5 2. Nc3 d6 3. g3 Bd7 4. Bg2 Bc6 5. d3 e6 6. f4 Nf6 7. Nf3 Be7 8. O-O
Nbd7 9. h3 Rb8 10. g4 b5 11. Ne2 c4 12. Ng3 Nc5 13. g5 Nfd7 14. Be3 Qc7 15. b3
d5 16. e5 Rd8 17. d4 Ne4 18. Nxe4 dxe4 19. Nd2 Qb7 20. c3 Nb6 21. Qc2 Nd5 22.
Rfe1 f5 23. bxc4 bxc4 24. Nxc4 Qa6 25. Bf1 Bb5 26. Qb3 Kf8 27. Rab1 Be8 28. Bd2
Ba4 29. Qb7 Qxb7 30. Rxb7 e3 31. Nxe3 Nxf4 32. Nxf5 Bxg5 33. Bxf4 Bxf4 34. Nd6
Bd2 35. Re2 Bxc3 36. Rf2+ Kg8 37. Rf4 h5 38. Kh2 g5 39. Rff7 Rh6 40. Rg7+ Kh8
41. Rxg5 Be8 42. Rbg7 1-0

[Event "Akademickie Mistrzostwa Polski "B""]
[Site "?"]
[Date "1995.08.29"]
[Round "?"]
[White "Osicki, Tomasz"]
[Black "Hryczuk, Andrzej"]
[Result "1/2-1/2"]
[WhiteElo "1800"]
[BlackElo "1800"]
[PlyCount "86"]

1. e4 e5 2. Nf3 Nc6 3. Bc4 Bc5 4. O-O Nf6 5. Re1 O-O 6. c3 d6 7. h3 Be6 8. Bb5
Bd7 9. a4 a6 10. Bc4 Be6 11. Na3 Bxa3 12. Bxe6 fxe6 13. Rxa3 Re8 14. d3 d5 15.
Qe2 Qd6 16. Bg5 d4 17. c4 Rf8 18. Nh2 Rf7 19. f4 Nd7 20. fxe5 Ndxe5 21. Rf1
Raf8 22. Rxf7 Rxf7 23. Ng4 Nxg4 24. Qxg4 Ne5 25. Qe2 h6 26. Bd2 Ng6 27. Qg4 Ne5
28. Qh5 Nd7 29. Qh4 e5 30. b4 Qf6 31. Qe1 Nf8 32. Ra1 Ne6 33. Qg3 Nf4 34. Bxf4
Qxf4 35. Qxf4 Rxf4 36. Rf1 Rxf1+ 37. Kxf1 Kf7 38. Kf2 Kf6 39. Kg3 Kg5 40. h4+
Kf6 41. Kg4 g6 42. b5 a5 43. h5 g5 1/2-1/2

[Event "Akademickie Mistrzostwa Polski "B""]
[Site "?"]
[Date "1995.08.29"]
[Round "?"]
[White "Szafranski, Micha "]
[Black "Hryczuk, Andrzej"]
[Result "1-0"]
[WhiteElo "1800"]
[BlackElo "1800"]
[PlyCount "65"]

1. e4 e5 2. f4 d5 3. exd5 e4 4. d3 Nf6 5. dxe4 Nxe4 6. Nf3 Nf6 7. Nc3 Bb4 8.
Bc4 O-O 9. O-O Nbd7 10. Be3 Re8 11. Bd4 Bxc3 12. bxc3 Nf8 13. Bxf6 Qxf6 14. Qd4
Qg6 15. Bd3 Qd6 16. c4 Ng6 17. Ng5 c6 18. Ne4 Qd8 19. f5 Ne7 20. Nc3 f6 21. d6
Kf8 22. dxe7+ Qxe7 23. Rae1 Qxe1 24. Rxe1 Rxe1+ 25. Kf2 Re5 26. Qd8+ Kf7 27. g4
Re8 28. Qd6 Re7 29. c5 Bd7 30. Bc4+ Kf8 31. Ne2 Rae8 32. Nf4 Rd8 33. Ne6+ 1-0

[Event "Akademickie Mistrzostwa Polski "B""]
[Site "?"]
[Date "1995.08.28"]
[Round "?"]
[White "Hryczuk, Andrzej"]
[Black "Mikusinski, Bartosz"]
[Result "1/2-1/2"]
[WhiteElo "1800"]
[BlackElo "2000"]
[PlyCount "100"]

1. e4 c5 2. Nc3 e6 3. g3 d6 4. Bg2 Nf6 5. d3 Be7 6. f4 Nc6 7. Nf3 O-O 8. O-O
Rb8 9. h3 g6 10. g4 Ne8 11. Ne2 f5 12. exf5 exf5 13. g5 Ng7 14. Ng3 Qb6 15. Kh2
Be6 16. b3 Rfe8 17. Bb2 Bf7 18. h4 Ne6 19. Nd2 Bf8 20. h5 Bg7 21. hxg6 hxg6 22.
Nc4 Qc7 23. Ne2 b5 24. Bxg7 Kxg7 25. Ne3 Nxf4 26. Nxf5+ gxf5 27. Nxf4 Ne5 28.
Nd5 Bxd5 29. Bxd5 Ng4+ 30. Kg1 Re5 31. c4 Qe7 32. Qd2 Rh8 33. Rae1 Rh2 34. Rxe5
dxe5 35. Qc1 Kg6 36. Bf3 Qh7 37. Bxg4 Rh1+ 38. Kf2 Qh2+ 39. Ke3 Qf4+ 40. Rxf4
exf4+ 41. Kxf4 Rxc1 42. Bxf5+ Kg7 43. cxb5 Rc2 44. a4 Rc3 45. Be6 Rxd3 46. Bc4
Rd7 47. a5 Kg6 48. Ke5 Kxg5 49. b6 axb6 50. axb6 Rb7 1/2-1/2

[Event "Akademickie Mistrzostwa Warszawy"]
[Site "?"]
[Date "1994.12.27"]
[Round "?"]
[White "Hryczuk, Andrzej"]
[Black "W tek, Marcin"]
[Result "1-0"]
[WhiteElo "1600"]
[BlackElo "1800"]
[PlyCount "91"]

1. e4 e5 2. Nf3 Nc6 3. Bc4 h6 4. d3 Nf6 5. Nc3 Bc5 6. Be3 Qe7 7. O-O O-O 8. Qd2
d6 9. Bxc5 dxc5 10. Nd5 Nxd5 11. Bxd5 Be6 12. Bxc6 bxc6 13. Nxe5 Qf6 14. f4
Rab8 15. b3 g5 16. Nxc6 Ra8 17. fxg5 Qxg5 18. Qxg5+ hxg5 19. Ne7+ Kh7 20. Nf5
Rfd8 21. Rf3 Bxf5 22. Rxf5 Kg6 23. Raf1 Rd7 24. Rxc5 Rd6 25. Rxc7 f6 26. Rf3 a5
27. c4 a4 28. b4 Rad8 29. b5 Rxd3 30. Rxd3 Rxd3 31. b6 Rd8 32. b7 f5 33. exf5+
Kxf5 34. Rc8 Rd2 35. b8=Q Ke4 36. Re8+ Kd3 37. Rd8+ Kc2 38. Rxd2+ Kxd2 39. Kf2
a3 40. Qd6+ Kc3 41. Ke3 Kxc4 42. Qc6+ Kb4 43. Kd4 g4 44. Qc5+ Ka4 45. Kc4 g3
46. Qb5# 1-0